Photosynthesis, photorespiration and plant productivity (Record no. 23289)

MARC details
000 -LEADER
fixed length control field 00588nam a2200217Ia 4500
082 ## - DEWEY DECIMAL CLASSIFICATION NUMBER
Classification number 581.132
Item number ZEL
100 ## - MAIN ENTRY--AUTHOR NAME
Personal name ZELITCH, Israel
245 #0 - TITLE STATEMENT
Title Photosynthesis, photorespiration and plant productivity
260 ## - PUBLICATION, DISTRIBUTION, ETC. (IMPRINT)
Place of publication New York
Name of publisher Academic
Year of publication 1971
650 ## - SUBJECT ADDED ENTRY--TOPICAL TERM
Topical Term Chloroplast
650 ## - SUBJECT ADDED ENTRY--TOPICAL TERM
Topical Term CO2 fixation
650 ## - SUBJECT ADDED ENTRY--TOPICAL TERM
Topical Term Electron transport
650 ## - SUBJECT ADDED ENTRY--TOPICAL TERM
Topical Term Glycolate metabolism
650 ## - SUBJECT ADDED ENTRY--TOPICAL TERM
Topical Term Photochemistry
650 ## - SUBJECT ADDED ENTRY--TOPICAL TERM
Topical Term Photorespiration
650 ## - SUBJECT ADDED ENTRY--TOPICAL TERM
Topical Term Photosynthesis
650 ## - SUBJECT ADDED ENTRY--TOPICAL TERM
Topical Term Plant productivity
650 ## - SUBJECT ADDED ENTRY--TOPICAL TERM
Topical Term Respiration
942 ## - ADDED ENTRY ELEMENTS (KOHA)
Koha item type Books
Holdings
Withdrawn status Lost status Damaged status Not for loan Home library Current library Date acquired Full call number Accession Number Koha item type
        RRII Library RRII Library 16/12/2021 581.132 ZEL 03989 Books